Chicago Bulls - Players (Sudden death) - Statistics

General Stats
  • This quiz has been taken 56 times
  • The average score is 9 of 16
Answers on the Grid
Answers color-coded by a green-red scale on the quiz's grid according to % correct below.
Michael Jordan
Scottie Pippen
Jerry Sloan
Will Perdue
Bill Cartwright
Dennis Rodman
Brad Miller
Jay Williams
Donyell Marshall
Luol Deng
Darius Songaila
Joakim Noah
Larry Hughes
Derrick Rose
Toni Kukoč
Ben Gordon
Magic Johnson
Charles Barkley
John Stockton
Wilt Chamberlain
Bill Russell
Manute Bol
Emeka Okafor
Penny Hardaway
Tim Duncan
Shaquille O'Neal
Kobe Bryant
Tony Parker
Lamar Odom
Larry Bird
 
Answer Stats
Answer % Correct
Michael Jordan
94%
Scottie Pippen
94%
Dennis Rodman
91%
Derrick Rose
91%
Joakim Noah
74%
Toni Kukoč
65%
Jerry Sloan
62%
Luol Deng
62%
Bill Cartwright
59%
Will Perdue
44%
Jay Williams
41%
Larry Hughes
38%
Ben Gordon
35%
Brad Miller
29%
Darius Songaila
29%
Donyell Marshall
29%
No matching quizzes found
Score Distribution
Percent of People with Each Score
Percentile by Number Answered
Your Score History
You have not taken this quiz